How virtual reality works / (Record no. 175365)
[ view plain ]
| 000 -LEADER | |
|---|---|
| fixed length control field | 01039 a2200253 4500 |
| 003 - CONTROL NUMBER IDENTIFIER | |
| control field | Nust |
| 005 - DATE AND TIME OF LATEST TRANSACTION | |
| control field | 20221024124057.0 |
| 010 ## - LIBRARY OF CONGRESS CONTROL NUMBER | |
| LC control number | 94224965 |
| 020 ## - INTERNATIONAL STANDARD BOOK NUMBER | |
| International Standard Book Number | 1562762303 (pbk.) : |
| 035 ## - SYSTEM CONTROL NUMBER | |
| System control number | (OCoLC)30988555 |
| 040 ## - CATALOGING SOURCE | |
| Transcribing agency | Nust |
| 082 00 - DEWEY DECIMAL CLASSIFICATION NUMBER | |
| Classification number | 006.3,EDD |
| 100 1# - MAIN ENTRY--PERSONAL NAME | |
| Personal name | Eddings, Joshua. |
| 9 (RLIN) | 101227 |
| 245 10 - TITLE STATEMENT | |
| Title | How virtual reality works / |
| Statement of responsibility, etc. | Joshua Eddings ; illustrated by Pamela Drury Wattenmaker. |
| 260 ## - PUBLICATION, DISTRIBUTION, ETC. | |
| Place of publication, distribution, etc. | Emeryville, Calif. : |
| Name of publisher, distributor, etc. | Ziff-Davis Press, |
| Date of publication, distribution, etc. | c1994. |
| 300 ## - PHYSICAL DESCRIPTION | |
| Extent | xi, 155 p. : |
| Other physical details | col. ill. ; |
| Dimensions | 27 cm. |
| 490 1# - SERIES STATEMENT | |
| Series statement | How it works |
| 505 ## - FORMATTED CONTENTS NOTE | |
| Formatted contents note | What Is Virtual Reality (Page-1), Engaging The Senses (Page-14), Hardware And Software (Page-36), Degrees Of Experience (Page-60), Professional Applications (Page-82), Recreational Virtual Reality (Page-116), Current Developments And Future Trends (Page-134). |
| 650 #0 - SUBJECT ADDED ENTRY--TOPICAL TERM | |
| Topical term or geographic name entry element | Human-computer interaction. |
| 650 #0 - SUBJECT ADDED ENTRY--TOPICAL TERM | |
| Topical term or geographic name entry element | Virtual reality. |
| 700 1# - ADDED ENTRY--PERSONAL NAME | |
| Personal name | Wattenmaker, Pamela Drury. |
| 9 (RLIN) | 101228 |
| 830 #0 - SERIES ADDED ENTRY--UNIFORM TITLE | |
| Uniform title | How it works series (Emeryville, Calif.) |
| 9 (RLIN) | 101229 |
| 942 ## - ADDED ENTRY ELEMENTS (KOHA) | |
| Koha item type | Reference |
| Source of classification or shelving scheme | |
| Call number prefix | 006.3,EDD |
| Withdrawn status | Lost status | Source of classification or shelving scheme | Damaged status | Not for loan | Permanent Location | Current Location | Shelving location | Date acquired | Full call number | Barcode | Date last seen | Price effective from | Koha item type | Public note |
|---|---|---|---|---|---|---|---|---|---|---|---|---|---|---|
| Military College of Signals (MCS) | Military College of Signals (MCS) | General Stacks | 12/12/2016 | 006.3,EDD | MCS26624 | 12/08/2016 | 12/12/2016 | Book | Almirah No.7, Shelf No.1 |
